| 000 | 00365nam a2200145Ia 4500 | ||
|---|---|---|---|
| 008 | 100204s9999 xx 000 0 und d | ||
| 082 | _b21610 | ||
| 100 | _aBANGUI P. S. & OTHER | ||
| 245 | _aPHYDICS PRACTICALS | ||
| 260 |
_b"DDEEPAK PUBLICATION, SURAT" _c1985 |
||
| 300 | _a61 | ||
| 630 | _aPHYDICS PRACTICALS | ||
| 730 | _aPHYDICS PRACTICALS | ||
| 942 | _cBOOK | ||
| 999 |
_c466593 _d466590 |
||